Music Quiz

Random Music or Song Quiz
Score 0/292 Timer 10:00
0 Plays Today
Hint Answer % Correct
in
90.3%
In
90.3%
In
90.3%
in
90.3%
a
87.1%
a
87.1%
to
87.1%
the
87.1%
a
87.1%
the
87.1%
and
87.1%
The
87.1%
to
87.1%
to
87.1%
to
87.1%
and
87.1%
a
87.1%
and
87.1%
And
87.1%
the
87.1%
and
87.1%
And
87.1%
to
87.1%
to
87.1%
and
87.1%
And
87.1%
to
87.1%
and
87.1%
a
87.1%
and
87.1%
The
87.1%
the
87.1%
to
87.1%
the
87.1%
to
87.1%
the
87.1%
and
87.1%
And
87.1%
the
87.1%
the
87.1%
And
87.1%
the
87.1%
to
87.1%
The
87.1%
to
87.1%
faceless
80.6%
town
80.6%
need
80.6%
up
80.6%
up
80.6%
up!
80.6%
up
80.6%
need
80.6%
up
80.6%
feel
77.4%
touch
77.4%
of
77.4%
friend
77.4%
countryside
77.4%
far
77.4%
wide
77.4%
me
77.4%
again
77.4%
know
77.4%
go
77.4%
feel
77.4%
grow
77.4%
of
77.4%
feel
77.4%
know
77.4%
grow
77.4%
know
77.4%
of
77.4%
go
77.4%
me
77.4%
of
77.4%
of
77.4%
of
77.4%
feel
77.4%
grow
77.4%
know
77.4%
me
77.4%
of
77.4%
me
77.4%
me
77.4%
me
77.4%
of
77.4%
feel
77.4%
know
77.4%
Running
74.2%
crowd
74.2%
wander
74.2%
gets
74.2%
dont
74.2%
where
74.2%
my
74.2%
Do
74.2%
my
74.2%
Hint Answer % Correct
dont
74.2%
My
74.2%
my
74.2%
you
74.2%
you
74.2%
you
74.2%
dont
74.2%
my
74.2%
my
74.2%
my
74.2%
dont
74.2%
do
74.2%
my
74.2%
I
71%
I
71%
I
71%
I
71%
something
71%
new
71%
I
71%
stop
71%
I
71%
I
71%
I
71%
I
71%
I
71%
I
71%
I
71%
I
71%
I
71%
I
71%
something
71%
new
71%
I
71%
stop
71%
I
71%
I
71%
I
71%
I
71%
I
71%
I
71%
I
71%
I
71%
isolation
67.7%
want
67.7%
Thank
67.7%
want
67.7%
When
64.5%
Oh
64.5%
Its
64.5%
open
64.5%
myself
64.5%
suddenly
64.5%
its
64.5%
suddenly
64.5%
waking
64.5%
myself
64.5%
Its
64.5%
Its
64.5%
when
64.5%
oh
64.5%
suddenly
64.5%
its
64.5%
like
61.3%
time
61.3%
Then
61.3%
swelling
61.3%
Then
61.3%
then
61.3%
for
61.3%
Then
61.3%
Then
61.3%
then
61.3%
Then
61.3%
swelling
61.3%
all
58.1%
that
58.1%
That
58.1%
all
58.1%
all
58.1%
that
58.1%
all
58.1%
all
58.1%
that
58.1%
power
54.8%
because
54.8%
kindness
54.8%
because
54.8%
cry
54.8%
power
54.8%
because
54.8%
power
54.8%
because
54.8%
kindness
54.8%
bit.
51.6%
start
51.6%
Magically
51.6%
people
51.6%
Hint Answer % Correct
intuition
51.6%
wisdom
51.6%
bit
51.6%
start
51.6%
Magically
51.6%
people
51.6%
From
48.4%
even
48.4%
strangers
48.4%
with
48.4%
from
48.4%
even
48.4%
heart
48.4%
crying
45.2%
confidence
45.2%
erupt
45.2%
wherever
45.2%
confidence
45.2%
erupt
45.2%
we
45.2%
Your
45.2%
most
41.9%
yourself
41.9%
courage
41.9%
fire
41.9%
I'll
41.9%
courage
41.9%
smile
41.9%
sense
38.7%
how
38.7%
ive
38.7%
take
38.7%
care
38.7%
how
38.7%
How
38.7%
sad
38.7%
compassions
35.5%
now
35.5%
many
35.5%
times
35.5%
tell
35.5%
please
35.5%
tear
35.5%
eyes
35.5%
sadly
35.5%
said
35.5%
goodbye
35.5%
farewell
35.5%
wait
35.5%
look
35.5%
strength
35.5%
fly
35.5%
friends
35.5%
They're
35.5%
pushing
35.5%
times
35.5%
strength
35.5%
makes
35.5%
explode!
35.5%
Thanks
32.3%
Until
32.3%
tried
32.3%
As
32.3%
waved
32.3%
wished
32.3%
think
32.3%
inside
32.3%
feeling
32.3%
see
32.3%
behind
32.3%
on
32.3%
on
32.3%
pleasant
32.3%
days
32.3%
stained
29%
much
29%
must
29%
why
29%
always
29%
wont
29%
forget
29%
Always
29%
never
29%
must!
29%
longer
25.8%
im
25.8%
succeed
25.8%
Gives
25.8%
lighting
25.8%
lose
25.8%
succeed
25.8%
what
25.8%
Everytime
22.6%
shared
22.6%
real
19.4%
those
16.1%

You're not logged in!

Compare scores with friends on all Sporcle quizzes.
OR
Log In

Sporcle TV

Today on Sporcle TV


Watch our educational content, quiz creation guides, and fun videos on Sporcle TV.

Show Comments

Extras

Created Jul 18, 2019ReportNominate
Tags:Song Quiz, bomb, hakusho, smile, theme

Top Quizzes Today


Score Distribution

Paid Content

Your Account Isn't Verified!

In order to create a playlist on Sporcle, you need to verify the email address you used during registration. Go to your Sporcle Settings to finish the process.

Report this User

Report this user for behavior that violates our Community Guidelines.

Details: